Sárkány Oszkár egy "apollonista" tudós derékba tört élete

Bibliographic Details
Main Author: Berkes, Tamás, 1954- (Author)
Format: Book
Language:Hungarian
PhysicalDescription:163 s. 19 cm
Published: Budapest Argumentum Kiadó 1998
ISBN:9634460763
ISSN:0075-0840
Series:Irodalomtörténeti Füzetek
Subjects:

MARC

LEADER 00000nam a2200000 a 4500
001 vtls001350963
003 SK-MaSNL
005 20260421125450.0
008 251113s1998 HU a r y 0 hun
015 |a SNBZSA1998-00491 
020 |a 9634460763  |c 680,00 Ft. 
035 |a SNK000304315 
040 |a SNK  |b slo  |c SNK  |e AACR2 
041 0 |a hun 
043 |a e-hu 
043 |a e-cz 
044 |a HU 
080 |a 930.85(437.1/.3:439)=945.11  |2 1981 
080 |a 929 Sárkány, Oszkár  |2 1981 
100 |a Berkes, Tamás,  |d 1954-  |4 aut  |9 372059 
245 1 0 |a Sárkány Oszkár  |b egy "apollonista" tudós derékba tört élete  |c Berkes Tamás 
260 |a Budapest  |b Argumentum Kiadó  |c 1998 
300 |a 163 s.  |c 19 cm 
490 1 |a Irodalomtörténeti Füzetek  |x 0075-0840  |v 143. szám 
500 |a Rozlož. tit. strana 
504 |a Bibliogr. s. 139-155. Kalendárium. Res. franc. a čes. 
600 1 |a Sárkány, Oszkár,  |d 1912-1943  |2 SNK  |9 386431 
650 0 7 |a vzťahy kultúrne maďarsko-české  |x dejiny  |y stor. 18.-19.  |x štúdie  |2 SNK  |9 386432 
651 7 |a Uhorsko  |x Čechy  |x dejiny kultúrne  |y 1790-1848  |x štúdie  |2 SNK  |9 386433 
655 7 |a biografie  |2 SNK  |9 27965 
655 7 |a príručky  |2 SNK  |9 74364 
830 0 |a Irodalomtörténeti Füzetek  |9 295728 
919 |a 963-446-076-3 
958 |a ZS 
958 |a TL 
958 |a CZ 
958 |a NB 
958 |a BX 
958 |a HU 
999 |c 634065  |d 635995 
952 |t P60, <03>, [BOOK], {603}  |a SNK  |b SNK  |y PREZ  |7 0  |p 17A0168018  |o snkSD 69734  |i snkV 1600/98  |0 0  |1 0  |4 0  |d 1998-12-15  |l 0  |r 2005-01-02 00:00:00  |w 2026-02-23